[Event "BCF-chT3E 2224 (4NCL)"]
[Site "England"]
[Date "2024.05.06"]
[Round "11.65"]
[White "Stevenson, James"]
[Black "Stayt, James N"]
[Result "1/2-1/2"]
[WhiteElo "1998"]
[BlackElo "1923"]
[PlyCount "47"]
[EventDate "2023.11.11"]
[EventType "team-tourn"]
[EventRounds "11"]
[EventCountry "ENG"]
[SourceTitle "EXT 2025"]
[Source "ChessBase"]
[SourceDate "2024.10.14"]
[SourceVersion "1"]
[SourceVersionDate "2024.10.14"]
[SourceQuality "1"]
[WhiteTeam "Celtic Tigers II"]
[BlackTeam "Kingston II"]
[WhiteTeamCountry "ENG"]
[BlackTeamCountry "ENG"]

1. e4 e6 2. d4 d5 3. Nd2 Nf6 4. e5 Nfd7 5. Bd3 c5 6. c3 Nc6 7. Ne2 cxd4 8. cxd4 f6 9. exf6 Nxf6 10. 0-0 Bd6 11. Nf3 0-0 12. Nc3 a6 13. Bg5 Qc7 14. Bh4 g6 15. Bg3 Nh5 16. Bxd6 Qxd6 17. Re1 Qf4 18. Ne2 Qf6 19. Qd2 Nf4 20. Nxf4 Qxf4 21. Qe3 Bd7 22. Rac1 Rac8 23. Rc3 Qxe3 24. fxe3 1/2-1/2

[Event "BCF-chT3E 2224 (4NCL)"]
[Site "England"]
[Date "2024.05.05"]
[Round "10.65"]
[White "Stayt, James N"]
[Black "MacLannan, Richard"]
[Result "1/2-1/2"]
[WhiteElo "1923"]
[BlackElo "1764"]
[PlyCount "72"]
[EventDate "2023.11.11"]
[EventType "team-tourn"]
[EventRounds "11"]
[EventCountry "ENG"]
[SourceTitle "EXT 2025"]
[Source "ChessBase"]
[SourceDate "2024.10.14"]
[SourceVersion "1"]
[SourceVersionDate "2024.10.14"]
[SourceQuality "1"]
[WhiteTeam "Kingston II"]
[BlackTeam "Wotton Hall"]
[WhiteTeamCountry "ENG"]
[BlackTeamCountry "ENG"]

1. e4 e5 2. Nf3 Nc6 3. Bb5 a6 4. Ba4 Nf6 5. d4 exd4 6. 0-0 Be7 7. e5 Ne4 8. Nxd4 0-0 9. Nf5 Nc5 10. Qg4 g6 11. Bxc6 dxc6 12. Nxe7+ Qxe7 13. Qg3 Re8 14. Bf4 Bf5 15. Qc3 g5 16. Be3 Ne4 17. Qc4 Qxe5 18. f4 Nd6 19. Qxf7+ Nxf7 20. fxe5 Rxe5 21. Bd4 Rd5 22. Nc3 Rxd4 23. Rxf5 Re8 24. Raf1 Re7 25. h3 h6 26. R5f2 Nd6 27. b3 Kg7 28. Kh2 b5 29. a3 c5 30. Kg1 b4 31. axb4 cxb4 32. Na4 Ne4 33. Re1 Nxf2 34. Rxe7+ Kf6 35. Rxc7 Ne4 36. Rc6+ Rd6 1/2-1/2

[Event "BCF-chT3S 1819 (4NCL) Promotion pool"]
[Site "England"]
[Date "2019.04.14"]
[Round "8.45"]
[White "Downham, Alan"]
[Black "Stayt, James N"]
[Result "1/2-1/2"]
[WhiteElo "1967"]
[BlackElo "1919"]
[PlyCount "71"]
[EventDate "2019.04.14"]
[EventType "team-tourn"]
[EventRounds "11"]
[EventCountry "ENG"]
[SourceTitle "EXT 2021"]
[Source "ChessBase"]
[SourceDate "2020.10.23"]
[SourceVersion "1"]
[SourceVersionDate "2020.10.23"]
[SourceQuality "1"]
[WhiteTeam "Iceni"]
[BlackTeam "CSC Dragons"]
[WhiteTeamCountry "ENG"]
[BlackTeamCountry "ENG"]

1. c4 Nf6 2. g3 g6 3. Bg2 Bg7 4. Nc3 0-0 5. e4 d6 6. Nge2 e5 7. 0-0 c6 8. d3 a5 9. h3 Nbd7 10. Be3 Nc5 11. Qd2 Re8 12. Rad1 Ne6 13. f4 Nd7 14. f5 Nd4 15. g4 c5 16. Nd5 Nxe2+ 17. Qxe2 Nb6 18. Qf2 Nxd5 19. exd5 gxf5 20. gxf5 Bf6 21. Be4 Kh8 22. Kh1 Bd7 23. Rg1 Qe7 24. Rg4 Rg8 25. Rdg1 Rxg4 26. Rxg4 Rg8 27. Qg2 Qd8 28. b3 Rxg4 29. Qxg4 Qg8 30. Kg2 Qg7 31. Kg3 Kg8 32. Bh6 Qxg4+ 33. hxg4 Bg7 34. Bd2 b6 35. Kh4 f6 36. a3 1/2-1/2

[Event "BCF-chT3Sb 1819 (4NCL)"]
[Site "England"]
[Date "2018.11.18"]
[Round "2.86"]
[White "Ukken, Somton"]
[Black "Stayt, James N"]
[Result "1-0"]
[WhiteElo "1876"]
[BlackElo "1935"]
[PlyCount "67"]
[EventDate "2018.11.17"]
[EventType "team-tourn"]
[EventRounds "7"]
[EventCountry "ENG"]
[SourceTitle "EXT 2021"]
[Source "ChessBase"]
[SourceDate "2020.10.23"]
[SourceVersion "1"]
[SourceVersionDate "2020.10.23"]
[SourceQuality "1"]
[WhiteTeam "Iceni II"]
[BlackTeam "CSC"]
[WhiteTeamCountry "ENG"]
[BlackTeamCountry "ENG"]

1. d4 Nf6 2. c4 g6 3. Nc3 Bg7 4. e4 d6 5. Bd3 e5 6. d5 0-0 7. Nge2 a5 8. 0-0 Nbd7 9. Rb1 Nc5 10. Bc2 Bd7 11. b3 Qe7 12. a3 Nh5 13. b4 axb4 14. axb4 Na6 15. Be3 b6 16. Qd2 f5 17. exf5 gxf5 18. f4 e4 19. Bd4 Nf6 20. h3 Kh8 21. Rb3 Rad8 22. Ra1 Bc8 23. Rb2 Qf7 24. Ba4 Rg8 25. Bb5 Nb8 26. Ra7 Ne8 27. Bxb6 Bd7 28. Bd4 Qg6 29. Bxg7+ Rxg7 30. Nd4 Qg3 31. Bxd7 Rdxd7 32. Nxf5 Qxh3 33. Nxg7 Rxg7 34. Nxe4 1-0

[Event "BCF-chT4S 1718 (4NCL)"]
[Site "England"]
[Date "2018.01.14"]
[Round "4.64"]
[White "Stayt, James N"]
[Black "Williamson, Kevin J"]
[Result "1/2-1/2"]
[WhiteElo "1956"]
[BlackElo "1903"]
[PlyCount "53"]
[EventDate "2017.11.11"]
[EventType "team-swiss"]
[EventRounds "11"]
[EventCountry "ENG"]
[SourceTitle "EXT 2020"]
[Source "ChessBase"]
[SourceDate "2019.10.17"]
[SourceVersion "1"]
[SourceVersionDate "2019.10.17"]
[SourceQuality "1"]
[WhiteTeam "CSC Dragons II"]
[BlackTeam "MK Phoenix II"]
[WhiteTeamCountry "ENG"]
[BlackTeamCountry "ENG"]

1. e4 d6 2. d4 Nf6 3. Bd3 e5 4. Nf3 exd4 5. Nxd4 g6 6. 0-0 Bg7 7. c3 0-0 8. Bg5 c6 9. Qd2 Re8 10. Re1 Nbd7 11. f3 Qb6 12. Be3 Qc7 13. Na3 Ne5 14. Bf1 a6 15. Nc4 Nxc4 16. Bxc4 b5 17. Bb3 c5 18. Ne2 Be6 19. Rad1 Bxb3 20. axb3 Rad8 21. Nf4 a5 22. Nd5 Nxd5 23. Qxd5 Re5 24. Qd2 Re6 25. Qd5 Re5 26. Qd2 Re6 27. Qd5 1/2-1/2

[Event "BCF-chT4S 1617 (4NCL)"]
[Site "England"]
[Date "2016.11.27"]
[Round "2.55"]
[White "John, Adam"]
[Black "Stayt, James N"]
[Result "0-1"]
[WhiteElo "1667"]
[BlackElo "1960"]
[PlyCount "110"]
[EventDate "2016.11.26"]
[EventType "team-swiss"]
[EventRounds "11"]
[EventCountry "ENG"]
[SourceTitle "EXT 2019"]
[Source "ChessBase"]
[SourceDate "2018.10.10"]
[SourceVersion "1"]
[SourceVersionDate "2018.10.10"]
[SourceQuality "1"]
[WhiteTeam "Anglian Avengers III"]
[BlackTeam "CSC Rhinos"]
[WhiteTeamCountry "ENG"]
[BlackTeamCountry "ENG"]

1. e4 e6 2. d3 d5 3. Nd2 b6 4. g3 Bb7 5. Bg2 Nf6 6. Ne2 c5 7. 0-0 Nc6 8. Re1 Be7 9. b3 0-0 10. Bb2 d4 11. Nf3 e5 12. h3 b5 13. a4 a6 14. Nd2 Qc7 15. axb5 axb5 16. Kh1 Rxa1 17. Qxa1 Ra8 18. Qb1 Qa5 19. Rd1 Qa2 20. Qa1 Qxa1 21. Rxa1 Rxa1+ 22. Bxa1 Nb4 23. f4 Nxc2 24. Bb2 Nd7 25. Nf3 f6 26. h4 exf4 27. Nxf4 Ne5 28. Nxe5 fxe5 29. Nd5 Bd6 30. Kg1 Kf7 31. Kf2 Bb8 32. Bf3 Bxd5 33. exd5 Ke7 34. Be4 h6 35. h5 Kd6 36. Kf3 Bc7 37. Bc1 Na1 38. b4 cxb4 39. Ke2 Nb3 40. Bb2 Nc5 41. Kf3 Ke7 42. Ke2 Ba5 43. Kd1 b3 44. Kc1 Bc3 45. Ba3 b4 46. Bb2 Na4 47. Bxc3 bxc3 48. g4 Kd6 49. Bg6 Nb6 50. Bf7 Nxd5 51. Kb1 Kc5 52. Bg8 b2 53. Bxd5 Kxd5 54. Kc2 e4 55. dxe4+ Kxe4 0-1

[Event "BCF-ch Major op"]
[Site "Torquay"]
[Date "2013.08.09"]
[Round "11.99"]
[White "Stayt, James N"]
[Black "McCarthy, Damian"]
[Result "1/2-1/2"]
[WhiteElo "1980"]
[BlackElo "1895"]
[PlyCount "21"]
[EventDate "2013.07.29"]
[EventType "swiss"]
[EventRounds "11"]
[EventCountry "ENG"]
[SourceTitle "EXT 2023"]
[Source "ChessBase"]
[SourceDate "2022.10.05"]
[SourceVersion "1"]
[SourceVersionDate "2022.10.05"]
[SourceQuality "1"]

1. e4 c5 2. c3 d5 3. exd5 Qxd5 4. d4 Nc6 5. Nf3 Bg4 6. Be2 cxd4 7. cxd4 e6 8. 0-0 Nf6 9. h3 Bh5 10. Be3 Be7 11. Nc3 1/2-1/2

[Event "BCF-ch Major op"]
[Site "Torquay"]
[Date "2013.08.06"]
[Round "8.91"]
[White "Stayt, James N"]
[Black "Talbot, Nathan"]
[Result "1/2-1/2"]
[WhiteElo "1980"]
[BlackElo "2074"]
[PlyCount "108"]
[EventDate "2013.07.29"]
[EventType "swiss"]
[EventRounds "11"]
[EventCountry "ENG"]
[SourceTitle "EXT 2023"]
[Source "ChessBase"]
[SourceDate "2022.10.05"]
[SourceVersion "1"]
[SourceVersionDate "2022.10.05"]
[SourceQuality "1"]

1. e4 e6 2. d4 d5 3. Nc3 Nf6 4. e5 Nfd7 5. f4 c5 6. Nf3 Nc6 7. Be3 Rb8 8. dxc5 Bxc5 9. Bxc5 Nxc5 10. Nb5 0-0 11. Bd3 f6 12. 0-0 Bd7 13. Kh1 Nxd3 14. Qxd3 Nb4 15. Qe2 Nxc2 16. Qxc2 Bxb5 17. Rfe1 fxe5 18. fxe5 Rc8 19. Qd2 Qb6 20. b3 Rc7 21. Nd4 Be8 22. Rf1 Rxf1+ 23. Rxf1 Bg6 24. h3 Rf7 25. Rxf7 Kxf7 26. Qf4+ Ke7 27. Qg5+ Kd7 28. Qg4 Ke7 29. Qg5+ Kf8 30. Qf4+ Bf7 31. Kh2 h6 32. h4 Ke7 33. Qg4 a5 34. a4 Qb4 35. Qf4 Qc3 36. Qf2 Be8 37. Qf4 Qe1 38. Nf3 Qe4 39. Qc1 Qb4 40. Qe3 Bg6 41. Nd4 Be4 42. Kg3 Kd7 43. Kh2 Qe7 44. Qf4 g5 45. hxg5 Qxg5 46. Qxg5 hxg5 47. Kg3 Bf5 48. Kf3 Ke7 49. g4 Be4+ 50. Ke3 Kd7 51. Kd2 Ke7 52. Ke3 Kf7 53. Kf2 Bb1 54. Ke3 Ke7 1/2-1/2

[Event "BCF-ch Major op"]
[Site "Torquay"]
[Date "2013.08.05"]
[Round "7.91"]
[White "Stayt, James N"]
[Black "Patel, Shyamal C"]
[Result "1/2-1/2"]
[WhiteElo "1980"]
[BlackElo "1960"]
[PlyCount "41"]
[EventDate "2013.07.29"]
[EventType "swiss"]
[EventRounds "11"]
[EventCountry "ENG"]
[SourceTitle "EXT 2023"]
[Source "ChessBase"]
[SourceDate "2022.10.05"]
[SourceVersion "1"]
[SourceVersionDate "2022.10.05"]
[SourceQuality "1"]

1. e4 e5 2. Nf3 Nc6 3. Nc3 Nf6 4. d4 exd4 5. Nxd4 Bb4 6. Nxc6 bxc6 7. Bd3 d5 8. exd5 cxd5 9. 0-0 0-0 10. Bg5 c6 11. Ne2 Re8 12. h3 Qd6 13. c3 Bc5 14. Bf4 Qd8 15. Qa4 Bd7 16. Ng3 Bf8 17. Rfe1 c5 18. Bb5 Bxb5 19. Qxb5 Qb6 20. Qxb6 axb6 21. a3 1/2-1/2

[Event "BCF-ch Major op"]
[Site "Torquay"]
[Date "2013.07.30"]
[Round "2.59"]
[White "Smith, Graham M"]
[Black "Stayt, James N"]
[Result "1/2-1/2"]
[WhiteElo "2074"]
[BlackElo "1980"]
[PlyCount "62"]
[EventDate "2013.07.29"]
[EventType "swiss"]
[EventRounds "11"]
[EventCountry "ENG"]
[SourceTitle "EXT 2023"]
[Source "ChessBase"]
[SourceDate "2022.10.05"]
[SourceVersion "1"]
[SourceVersionDate "2022.10.05"]
[SourceQuality "1"]

1. Nf3 Nf6 2. c4 g6 3. g3 Bg7 4. Bg2 d6 5. d4 0-0 6. 0-0 c5 7. dxc5 dxc5 8. Ne5 Nbd7 9. Nd3 Ng4 10. Qc2 Rb8 11. Rd1 b6 12. h3 Nge5 13. Nxe5 Bxe5 14. Bh6 Bg7 15. Bxg7 Kxg7 16. Qa4 Qc7 17. Nc3 a6 18. Nd5 Qe5 19. Rd2 b5 20. cxb5 axb5 21. Qh4 Nf6 22. f4 Qe6 23. Rad1 Nxd5 24. Bxd5 Qxh3 25. Qxh3 Bxh3 26. Bf3 Be6 27. a3 Rfc8 28. Rc1 c4 29. Kf2 f6 30. e3 Kf8 31. Rd4 Ke8 1/2-1/2

[Event "BCF-ch Major op"]
[Site "North Shields"]
[Date "2012.08.03"]
[Round "11.44"]
[White "Waddington, Mike P"]
[Black "Stayt, James N"]
[Result "1/2-1/2"]
[WhiteElo "2123"]
[BlackElo "2002"]
[PlyCount "81"]
[EventDate "2012.07.23"]
[EventType "swiss"]
[EventRounds "11"]
[EventCountry "ENG"]
[SourceTitle "EXT 2023"]
[Source "ChessBase"]
[SourceDate "2022.10.05"]
[SourceVersion "1"]
[SourceVersionDate "2022.10.05"]
[SourceQuality "1"]

1. Nc3 e6 2. e4 d5 3. Nf3 Nf6 4. e5 Nfd7 5. d4 c5 6. dxc5 Bxc5 7. Bd3 Nc6 8. Bf4 f6 9. exf6 Nxf6 10. 0-0 a6 11. a3 0-0 12. Qd2 Bd7 13. Rae1 b5 14. Ne2 Bb6 15. Ng3 Bc7 16. Bxc7 Qxc7 17. Qg5 Rf7 18. Qh4 h6 19. Bg6 Re7 20. Re2 Be8 21. Bxe8 Raxe8 22. Rfe1 e5 23. Nf5 Re6 24. N3d4 Nxd4 25. Nxd4 R6e7 26. Nf5 Re6 27. Qb4 Kh7 28. h3 g6 29. Nd4 R6e7 30. Nf3 Ne4 31. Rd1 Rd7 32. Qb3 Nf6 33. c3 Rde7 34. Qc2 Qc4 35. Rde1 Nd7 36. g3 e4 37. Nd4 Ne5 38. Re3 Qc7 39. Kg2 Qd6 40. Qb3 Qc5 41. Qb4 1/2-1/2

[Event "BCF-ch Major op"]
[Site "North Shields"]
[Date "2012.07.31"]
[Round "8.50"]
[White "Stayt, James N"]
[Black "Johnson, Paul A"]
[Result "1-0"]
[WhiteElo "2002"]
[BlackElo "1911"]
[PlyCount "181"]
[EventDate "2012.07.23"]
[EventType "swiss"]
[EventRounds "11"]
[EventCountry "ENG"]
[SourceTitle "EXT 2023"]
[Source "ChessBase"]
[SourceDate "2022.10.05"]
[SourceVersion "1"]
[SourceVersionDate "2022.10.05"]
[SourceQuality "1"]

1. e4 c5 2. c3 g6 3. d4 cxd4 4. cxd4 d5 5. e5 Nc6 6. Nc3 e6 7. f4 Nge7 8. Nf3 Nf5 9. Bb5 Bd7 10. g4 Ng7 11. Be3 h5 12. g5 Nf5 13. Bf2 Bb4 14. Bd3 Nce7 15. Rc1 Rc8 16. Qd2 0-0 17. 0-0 Qa5 18. a3 Bxc3 19. Rxc3 Rxc3 20. Qxc3 Qxc3 21. bxc3 Rc8 22. Rc1 b5 23. Nd2 a6 24. Nb3 Rc7 25. Nc5 Bc8 26. Ra1 Nc6 27. Kf1 Nfe7 28. Ke2 Bb7 29. a4 bxa4 30. Rxa4 a5 31. Kd2 Kg7 32. Nb3 Bc8 33. Nc5 Ra7 34. Kc2 Nd8 35. Be3 Nb7 36. Bb5 Nd8 37. Kb3 Ndc6 38. Ra1 Ra8 39. Bc1 Rb8 40. Ka4 Kf8 41. Ba3 Kg7 42. Rb1 Na7 43. Bd3 Rxb1 44. Bxb1 Nac6 45. Bd3 Nf5 46. Kb5 Nce7 47. Kxa5 Ne3 48. Kb6 Ng2 49. Bc1 Nh4 50. Kc7 Nf3 51. Kd8 Kf8 52. Ba3 Nxh2 53. Nb3 Bb7 54. Bxe7+ Kg8 55. Kc7 Ba8 56. Ba3 Ng4 57. Be2 Nf2 58. Na5 h4 59. Kb8 h3 60. Bf3 h2 61. Kxa8 h1Q 62. Bxh1 Nxh1 63. Kb7 Ng3 64. Bc1 Ne4 65. c4 dxc4 66. Nxc4 Kf8 67. Ba3+ Kg8 68. Nd6 Nc3 69. Bc1 Ne2 70. Be3 Nc3 71. Kc6 Nd5 72. Bd2 Kf8 73. Ne4 Ne7+ 74. Kd7 Nf5 75. Bc3 Kg7 76. Nd6 Ne3 77. Ne8+ Kg8 78. Nf6+ Kg7 79. Kc6 Ng2 80. Bd2 Nh4 81. d5 exd5 82. Kxd5 Nf5 83. Ne4 Ne7+ 84. Kd6 Nf5+ 85. Kd7 Nd4 86. Nc5 Kg8 87. Ke8 Nf5 88. Nb7 Ng7+ 89. Kd7 Nf5 90. Nd8 Ng7 91. Ke7 1-0

[Event "BCF-ch Major op"]
[Site "North Shields"]
[Date "2012.07.27"]
[Round "5.45"]
[White "Batchelor, Guy J"]
[Black "Stayt, James N"]
[Result "1/2-1/2"]
[WhiteElo "1849"]
[BlackElo "2002"]
[PlyCount "139"]
[EventDate "2012.07.23"]
[EventType "swiss"]
[EventRounds "11"]
[EventCountry "ENG"]
[SourceTitle "EXT 2023"]
[Source "ChessBase"]
[SourceDate "2022.10.05"]
[SourceVersion "1"]
[SourceVersionDate "2022.10.05"]
[SourceQuality "1"]

1. e4 e6 2. d4 d5 3. Nc3 Bb4 4. Qg4 Nf6 5. Qxg7 Rg8 6. Qh6 dxe4 7. a3 Bxc3+ 8. bxc3 Nbd7 9. f3 Rg6 10. Qh4 c5 11. fxe4 cxd4 12. cxd4 Rg4 13. Qh6 Rxe4+ 14. Be2 Qa5+ 15. Bd2 Qf5 16. 0-0-0 Rxd4 17. Rf1 Qc5 18. Bb4 Rxb4 19. axb4 Qxb4 20. Qe3 Nd5 21. Qb3 Ne5 22. Qxb4 Nxb4 23. Nf3 Nbc6 24. Bd3 Nxd3+ 25. cxd3 f6 26. Nd2 Ke7 27. Rf4 Ne5 28. Kc2 Bd7 29. Nc4 Rc8 30. Kd2 Nxc4+ 31. dxc4 e5 32. Re1 Be6 33. Rh4 Rxc4 34. Rxh7+ Bf7 35. Re3 Ke6 36. h4 Rc2+ 37. Kxc2 Bg6+ 38. Kc3 Bxh7 39. h5 Kf7 40. Kc4 Bf5 41. Rg3 e4 42. Kd4 Bh7 43. Rc3 Kg7 44. Rc7+ Kh6 45. Rxb7 a5 46. Ke3 a4 47. Kf4 f5 48. Ra7 a3 49. g4 fxg4 50. Kxg4 Bg8 51. Ra6+ Kg7 52. Rxa3 Kf6 53. Kf4 Bd5 54. Ra6+ Kg7 55. Rd6 Bf7 56. Kg5 e3 57. Rd4 e2 58. Re4 Bc4 59. Re7+ Kf8 60. Kf6 Bd3 61. Re3 Kg8 62. h6 Kh7 63. Kg5 Kg8 64. Re5 Kh7 65. Re8 Bb5 66. Re7+ Kh8 67. Kf6 Bc4 68. Kg6 Bd3+ 69. Kh5 Kg8 70. Rxe2 1/2-1/2

[Event "BCF-ch Major op"]
[Site "North Shields"]
[Date "2012.07.25"]
[Round "3.53"]
[White "Mahoney, Nicholas"]
[Black "Stayt, James N"]
[Result "0-1"]
[WhiteElo "1803"]
[BlackElo "2002"]
[PlyCount "106"]
[EventDate "2012.07.23"]
[EventType "swiss"]
[EventRounds "11"]
[EventCountry "ENG"]
[SourceTitle "EXT 2023"]
[Source "ChessBase"]
[SourceDate "2022.10.05"]
[SourceVersion "1"]
[SourceVersionDate "2022.10.05"]
[SourceQuality "1"]

1. e4 e6 2. d4 d5 3. Nd2 Nf6 4. e5 Nfd7 5. Bd3 c5 6. c3 Nc6 7. Ne2 cxd4 8. cxd4 f6 9. exf6 Nxf6 10. Nf3 Bd6 11. Bg5 0-0 12. 0-0 Qc7 13. Rc1 Ng4 14. Ng3 Bf4 15. Bxf4 Qxf4 16. Bb1 Bd7 17. Qd3 g6 18. Nh5 Qh6 19. h3 Qxh5 20. hxg4 Qxg4 21. Qe3 Qf4 22. Qxf4 Rxf4 23. Rcd1 Raf8 24. Bc2 a6 25. Rd2 Kg7 26. a3 h6 27. b4 g5 28. Rfd1 Be8 29. Re1 Bh5 30. Rxe6 Bxf3 31. Rg6+ Kf7 32. gxf3 Nxd4 33. Rxd4 Rxd4 34. Rxh6 Rc8 35. Bf5 Rc1+ 36. Kg2 Rdd1 37. f4 gxf4 38. Kf3 Rc6 39. Rh7+ Kf6 40. Ke2 Ra1 41. Bd3 Re6+ 42. Kd2 Re7 43. Rh5 Ke6 44. Kc3 Rxa3+ 45. Kd4 Rf7 46. Re5+ Kd6 47. Rxd5+ Kc7 48. Ke5 Rd7 49. Rc5+ Kb6 50. Bf5 Rc7 51. Rd5 Rb3 52. Kxf4 Rxb4+ 53. Ke5 Rc5 0-1

[Event "BCF-ch Major op"]
[Site "North Shields"]
[Date "2012.07.23"]
[Round "1.48"]
[White "McCarthy, Damian"]
[Black "Stayt, James N"]
[Result "1/2-1/2"]
[WhiteElo "1894"]
[BlackElo "2002"]
[PlyCount "55"]
[EventDate "2012.07.23"]
[EventType "swiss"]
[EventRounds "11"]
[EventCountry "ENG"]
[SourceTitle "EXT 2023"]
[Source "ChessBase"]
[SourceDate "2022.10.05"]
[SourceVersion "1"]
[SourceVersionDate "2022.10.05"]
[SourceQuality "1"]

1. e4 e6 2. d4 d5 3. Nc3 Bb4 4. e5 c5 5. Bd2 Ne7 6. Nb5 Bxd2+ 7. Qxd2 0-0 8. f4 cxd4 9. Nf3 Nbc6 10. Bd3 Qa5 11. Qxa5 Nxa5 12. Nfxd4 Nac6 13. c3 Bd7 14. Nf3 f6 15. 0-0 a6 16. Nbd4 fxe5 17. Nxe5 Nxe5 18. fxe5 h6 19. g4 a5 20. Rxf8+ Rxf8 21. Rf1 Rxf1+ 22. Kxf1 Kf7 23. Kf2 Nc6 24. Nf3 g5 25. Bb5 Nb8 26. Bd3 Nc6 27. Ke3 Ke7 28. a3 1/2-1/2

[Event "BCF-chT3S 1112 (4NCL)"]
[Site "England"]
[Date "2011.11.13"]
[Round "2.4"]
[White "Stayt, James N"]
[Black "Nixon, Rodney J"]
[Result "0-1"]
[WhiteElo "1996"]
[BlackElo "2011"]
[PlyCount "102"]
[EventDate "2011.11.12"]
[EventType "team-swiss"]
[EventRounds "6"]
[EventCountry "ENG"]
[SourceTitle "EXT 2013"]
[Source "ChessBase"]
[SourceDate "2012.11.22"]
[SourceVersion "1"]
[SourceVersionDate "2012.11.22"]
[SourceQuality "1"]
[WhiteTeam "AMCA Rhinos"]
[BlackTeam "Oxford II"]
[WhiteTeamCountry "ENG"]
[BlackTeamCountry "ENG"]

1. e4 e5 2. Nf3 Nc6 3. Bb5 a6 4. Ba4 Nf6 5. d4 b5 6. Bb3 exd4 7. Nxd4 Nxd4 8. Qxd4 c5 9. Qe5+ Be7 10. Bd5 d6 11. Bc6+ Bd7 12. Bxd7+ Qxd7 13. Qf4 Qe6 14. 0-0 Qxe4 15. Qxe4 Nxe4 16. Re1 f5 17. f3 Nf6 18. Bg5 Kf7 19. Nd2 h6 20. Be3 Nd5 21. c3 Rhe8 22. Nf1 f4 23. Bf2 Bf8 24. g3 Rxe1 25. Rxe1 Re8 26. Rxe8 Kxe8 27. Nd2 fxg3 28. hxg3 Kd7 29. Kf1 Nb6 30. b3 g6 31. Ne4 Kc6 32. Ke2 d5 33. Nd2 Bg7 34. Kd3 Nd7 35. Kc2 c4 36. bxc4 bxc4 37. f4 Nc5 38. Bxc5 Kxc5 39. Nf3 Bf6 40. g4 a5 41. g5 hxg5 42. fxg5 Be7 43. Kd2 Kd6 44. Ke3 Ke6 45. Nd4+ Kd7 46. Kf4 Bd6+ 47. Kf3 Be5 48. Ne2 Ke6 49. Kg4 a4 50. Nf4+ Bxf4 51. Kxf4 a3 0-1

[Event "GBR-ch Major 98th"]
[Site "Sheffield"]
[Date "2011.07.29"]
[Round "5"]
[White "Stayt, James N"]
[Black "Scott, Gordon W"]
[Result "1/2-1/2"]
[WhiteElo "1986"]
[BlackElo "2043"]
[PlyCount "40"]
[EventDate "2011.07.25"]
[EventType "swiss"]
[EventRounds "11"]
[EventCountry "ENG"]
[SourceTitle "EXT 2012"]
[Source "ChessBase"]
[SourceDate "2011.11.24"]
[SourceVersion "1"]
[SourceVersionDate "2011.11.24"]
[SourceQuality "1"]

1. e4 c5 2. c3 d5 3. exd5 Qxd5 4. d4 Nc6 5. Nf3 Bg4 6. Be2 cxd4 7. cxd4 e6 8. Nc3 Qa5 9. 0-0 Nf6 10. h3 Bh5 11. a3 Bd6 12. Be3 0-0 13. b4 Qd8 14. Qb3 Ne7 15. Bg5 Nfd5 16. Nxd5 exd5 17. Rac1 f6 18. Bd2 Qb6 19. Qd3 Rad8 20. Rfe1 a6 1/2-1/2

[Event "BCF-chT3 1011 (4NCL)"]
[Site "England"]
[Date "2011.05.02"]
[Round "11.39"]
[White "Grant, David J"]
[Black "Stayt, James N"]
[Result "1/2-1/2"]
[WhiteElo "2095"]
[BlackElo "1975"]
[PlyCount "61"]
[EventDate "2010.11.06"]
[EventType "team-swiss"]
[EventRounds "9"]
[EventCountry "ENG"]
[SourceTitle "EXT 2012"]
[Source "ChessBase"]
[SourceDate "2011.11.24"]
[SourceVersion "1"]
[SourceVersionDate "2011.11.24"]
[SourceQuality "1"]
[WhiteTeam "Sussex Smart Controls"]
[BlackTeam "AMCA Rhinos"]
[WhiteTeamCountry "ENG"]
[BlackTeamCountry "ENG"]

1. d4 Nf6 2. c4 g6 3. Nc3 Bg7 4. e4 d6 5. Nf3 0-0 6. Be2 e5 7. 0-0 Nc6 8. d5 Ne7 9. Ne1 Nd7 10. f3 f5 11. g4 Nf6 12. Rf2 f4 13. h4 c5 14. Nd3 Bd7 15. b4 b6 16. a4 a6 17. Ba3 a5 18. bxc5 bxc5 19. Bb2 Ne8 20. Nb5 Nc8 21. Rh2 h6 22. Bc3 Bf6 23. Qe1 Qb6 24. Nc1 Bd8 25. Kh1 Rf7 26. Nb3 Qa6 27. Rc1 Kh7 28. Bd3 Re7 29. Qd2 Rf7 30. Qf2 Re7 31. Qd2 1/2-1/2

[Event "BCF-chT3 1011 (4NCL)"]
[Site "England"]
[Date "2010.11.07"]
[Round "2.35"]
[White "Gregory, Keith D"]
[Black "Stayt, James N"]
[Result "1/2-1/2"]
[WhiteElo "2063"]
[BlackElo "1975"]
[PlyCount "59"]
[EventDate "2010.11.06"]
[EventType "team-swiss"]
[EventRounds "9"]
[EventCountry "ENG"]
[SourceTitle "CBM 139 Extra"]
[Source "ChessBase"]
[SourceDate "2011.01.05"]
[SourceVersion "1"]
[SourceVersionDate "2011.01.05"]
[SourceQuality "1"]
[WhiteTeam "Wessex II"]
[BlackTeam "AMCA Rhinos"]
[WhiteTeamCountry "ENG"]
[BlackTeamCountry "ENG"]

1. Nf3 Nf6 2. c4 g6 3. b3 Bg7 4. Bb2 d6 5. g3 0-0 6. Bg2 c5 7. 0-0 Nc6 8. d3 Bd7 9. Nbd2 Qc8 10. a3 Bh3 11. Rb1 Bxg2 12. Kxg2 b6 13. b4 cxb4 14. axb4 a5 15. b5 Nd8 16. e4 Nd7 17. d4 Ne6 18. d5 Nec5 19. Nd4 Ne5 20. f4 Ng4 21. Qf3 f5 22. Nc6 Qe8 23. e5 dxe5 24. fxe5 Bh6 25. h3 Ne3+ 26. Kh1 Nxf1 27. Nxf1 Bg7 28. Bd4 Nd7 29. Qe3 a4 30. Qa3 1/2-1/2

[Event "BCF-chT3 0910 (4NCL)"]
[Site "England"]
[Date "2010.05.03"]
[Round "11.5"]
[White "Stayt, James N"]
[Black "Jones, Christopher M"]
[Result "0-1"]
[WhiteElo "1996"]
[BlackElo "1964"]
[PlyCount "80"]
[EventDate "2009.10.24"]
[EventType "team-tourn"]
[EventRounds "11"]
[EventCountry "ENG"]
[SourceTitle "EXT 2011"]
[Source "ChessBase"]
[SourceDate "2010.11.26"]
[SourceVersion "1"]
[SourceVersionDate "2010.11.26"]
[SourceQuality "1"]
[WhiteTeam "AMCA Rhinos"]
[BlackTeam "e2e4.org.uk II"]
[WhiteTeamCountry "ENG"]
[BlackTeamCountry "ENG"]

1. e4 e5 2. Nf3 Nf6 3. Nxe5 d6 4. Nxf7 Kxf7 5. d4 g6 6. Nc3 Be7 7. Bc4+ Kg7 8. Qd3 Re8 9. f3 Nc6 10. a3 a6 11. Be3 Na5 12. Ba2 c5 13. b4 cxd4 14. Qxd4 Nc6 15. Qd2 Ne5 16. 0-0 Qc7 17. Bh6+ Kh8 18. Qd4 b5 19. Kh1 Qa7 20. Qd2 Nc4 21. Qd3 Be6 22. Nd5 Bxd5 23. exd5 Ne5 24. Qd2 Rac8 25. Rfe1 Bf8 26. Be3 Qc7 27. Rac1 Nc4 28. Bxc4 Qxc4 29. Bd4 Bg7 30. Qf4 g5 31. Qd2 Qxd5 32. c3 h6 33. Qd3 Qf7 34. Qf5 Rxe1+ 35. Rxe1 Re8 36. Rd1 Qe6 37. Qc2 Kg8 38. h3 Nh5 39. Bxg7 Kxg7 40. Qd3 Ng3+ 0-1